Dayanand saraswati his life and ideas / (Record no. 150691)

MARC details
000 -LEADER
fixed length control field 00607nam a22001937a 4500
005 - DATE AND TIME OF LATEST TRANSACTION
control field 20180412104754.0
010 ## - LCCN (DPL NO)
LC control number ENG-122458
020 ## - INTERNATIONAL STANDARD BOOK NUMBER
International Standard Book Number 9788171395224
Terms of availability 950.00
035 ## - SYSTEM CONTROL NUMBER
System control number EN-105990
037 ## - SOURCE OF ACQUISITION
Source of stock number/acquisition DBAD/PUB
082 ## - DEWEY DECIMAL CLASSIFICATION NUMBER
Classification number 181.45
100 ## - MAIN ENTRY--PERSONAL NAME
Personal name Trivedi, Tanuja
245 ## - TITLE STATEMENT
Title Dayanand saraswati his life and ideas /
Statement of responsibility, etc by Tanuja Trivedi
260 ## - PUBLICATION, DISTRIBUTION, ETC. (IMPRINT)
Place of publication, distribution, etc New Delhi
Name of publisher, distributor, etc Jnanada Prakashan (P&D)
Date of publication, distribution, etc 2012
270 ## - ADDRESS
Address 4837/2, 24, Ansari Road, Daryaganj,
City New Delhi
Postal code 110002
300 ## - PHYSICAL DESCRIPTION
Extent 300p.
Other physical details ill.
Dimensions 21cm(Hb)
500 ## - GENERAL NOTE
General note Includes bibliography [and] index
942 ## - ADDED ENTRY ELEMENTS (KOHA)
Source of classification or shelving scheme Dewey Decimal Classification
Item type English Books
Call number suffix TRI
Classification part 181.45
Holdings
Withdrawn status Lost status Not for loan Collection code Home library Current library Date acquired Source of acquisition Cost, normal purchase price Full call number Barcode Copy number Cost, replacement price Koha item type
    Not For Loan Non-fiction D.B.Act.Division Shahdara Branch 03/04/2018 DBAD/PUB 950.00 181.45 TRI EN-105990 1 950.00 English Books

© Delhi Public Library
Hit Counter
free hit counter